[Event "Figueira 2023"]
[Site "?"]
[Date "2023.11.11"]
[Round "8.16"]
[White "Anustoop, Biswas"]
[Black "Sidhant, Mohapatra"]
[Result "0-1"]
[BlackElo "2418"]
[WhiteElo "2256"]
[LiveChessVersion "1.4.8"]

1. e4 {[%clk 1:16:21]} e5 {[%clk 1:30:26]} 2. Nf3 {[%clk 1:15:04]} Nc6
{[%clk 1:30:33]} 3. d4 {[%clk 1:15:30]} exd4 {[%clk 1:30:58]} 4. Bc4
{[%clk 1:15:55]} Nf6 {[%clk 1:23:05]} 5. O-O {[%clk 1:16:22]} Nxe4
{[%clk 1:23:28]} 6. Re1 {[%clk 1:16:48]} d5 {[%clk 1:23:54]} 7. Bxd5
{[%clk 1:17:16]} Qxd5 {[%clk 1:24:18]} 8. Nc3 {[%clk 1:17:43]} Qa5
{[%clk 1:18:13]} 9. Nxe4 {[%clk 1:18:08]} Be6 {[%clk 1:18:39]} 10. Bd2
{[%clk 1:17:11]} Bb4 {[%clk 1:08:43]} 11. Bxb4 {[%clk 0:51:04]} Qxb4
{[%clk 1:08:58]} 12. Neg5 {[%clk 0:51:32]} O-O-O {[%clk 1:05:32]} 13. Nxe6
{[%clk 0:51:54]} fxe6 {[%clk 1:05:57]} 14. Ng5 {[%clk 0:52:10]} Rd7
{[%clk 0:58:05]} 15. Nxe6 {[%clk 0:52:24]} Re8 {[%clk 0:58:23]} 16. Qg4
{[%clk 0:27:24]} d3 {[%clk 0:54:42]} 17. Qh3 {[%clk 0:15:40]} dxc2
{[%clk 0:43:16]} 18. Rec1 {[%clk 0:15:40]} Kb8 {[%clk 0:42:06]} 19. Rxc2
{[%clk 0:11:15]} Qe4 {[%clk 0:39:10]} 0-1

[Event "Figueira 2023"]
[Site "?"]
[Date "2023.11.11"]
[Round "8.17"]
[White "Dhulipalla, Bala Chandra Prasad"]
[Black "Ribeiro, Gustavo"]
[Result "1-0"]
[BlackElo "2212"]
[WhiteElo "2408"]
[LiveChessVersion "1.4.8"]

1. d4 {[%clk 1:30:57]} d5 {[%clk 1:30:56]} 2. c4 {[%clk 1:31:22]} dxc4
{[%clk 1:31:16]} 3. Nf3 {[%clk 1:30:39]} c5 {[%clk 1:31:41]} 4. e3
{[%clk 1:29:51]} cxd4 {[%clk 1:31:43]} 5. Bxc4 {[%clk 1:29:43]} Nf6
{[%clk 1:32:05]} 6. O-O {[%clk 1:29:05]} e6 {[%clk 1:32:28]} 7. exd4
{[%clk 1:24:41]} Be7 {[%clk 1:32:02]} 8. Nc3 {[%clk 1:24:50]} O-O
{[%clk 1:32:27]} 9. Re1 {[%clk 1:25:13]} Nbd7 {[%clk 1:32:05]} 10. a3
{[%clk 1:22:17]} Nb6 11. Bb3 {[%clk 1:21:49]} Nbd5 {[%clk 1:26:31]} 12. Ne5
{[%clk 1:22:07]} h6 {[%clk 1:24:02]} 13. Qd3 {[%clk 1:21:35]} Qb6
{[%clk 1:08:05]} 14. Bc2 {[%clk 1:19:28]} Rd8 {[%clk 1:07:58]} 15. g4
{[%clk 1:05:54]} Nc7 {[%clk 0:57:18]} 16. Rd1 {[%clk 0:57:55]} Bd6
{[%clk 0:42:06]} 17. Qf3 {[%clk 0:46:44]} Bd7 {[%clk 0:29:57]} 18. Ne4
{[%clk 0:32:08]} Ncd5 {[%clk 0:22:25]} 19. g5 {[%clk 0:27:19]} hxg5
{[%clk 0:19:25]} 20. Nxg5 {[%clk 0:24:30]} Be8 {[%clk 0:19:24]} 21. Qh3
{[%clk 0:17:51]} Rac8 {[%clk 0:18:07]} 22. Bh7+ {[%clk 0:17:06]} Kf8
{[%clk 0:18:32]} 23. Bg6 {[%clk 0:10:31]} Rxc1 {[%clk 0:17:19]} 24. Rb1 Rxd1+ 25.
Rxd1 {[%clk 0:09:10]} Nf4 {[%clk 0:17:24]} 26. Qf3 {[%clk 0:04:46]} Nxg6
{[%clk 0:16:59]} 27. Nxg6+ {[%clk 0:05:05]} fxg6 {[%clk 0:17:28]} 28. Nxe6+
{[%clk 0:05:28]} Kg8 {[%clk 0:17:46]} 29. Nxd8 {[%clk 0:05:56]} Qxd8
{[%clk 0:18:12]} 30. Qxb7 {[%clk 0:06:06]} Bd7 {[%clk 0:18:38]} 1-0

[Event "Figueira 2023"]
[Site "?"]
[Date "2023.11.11"]
[Round "8.18"]
[White "Morais, Miguel Almeida"]
[Black "Sieciechowicz, Marcin"]
[Result "0-1"]
[BlackElo "2407"]
[WhiteElo "1986"]
[LiveChessVersion "1.4.8"]

1. d4 Nf6 2. c4 e6 3. Nf3 d5 4. g3 dxc4 5. Bg2 a6 6. O-O Nc6 7. Nbd2 Nxd4 8. Nxc4
Nxf3+ 9. Bxf3 Qxd1 10. Rxd1 Be7 11. Na5 Nd5 12. e4 Nb6 13. Bf4 c6 14. Rac1 Nd7
15. Bc7 Bd8 16. Bxd8 Kxd8 17. e5 Ke7 18. Nc4 f6 19. Re1 Nxe5 20. Nxe5 fxe5 21.
Rxe5 Bd7 22. Rce1 Rhf8 23. Bg4 Rf6 24. b4 Rd8 25. a4 Bc8 26. b5 Rd4 27. Bd1 axb5
28. axb5 Kd6 29. bxc6 bxc6 30. f4 c5 31. Bg4 Bd7 32. Rc1 Bc6 33. Rexc5 Bd5 34.
R5c2 g5 35. fxg5 Rg6 36. Bh3 Rxg5 37. Bg2 h5 38. Rf2 h4 39. Bxd5 exd5 40. Rc3 h3
41. Rf6+ Ke5 42. Rcf3 Rd1+ 43. Rf1 Rxf1+ 44. Rxf1 Ke4 45. Rf8 d4 46. Kf2 Rc5 47.
Re8+ Kd3 48. g4 Kc2 49. Re2+ Kc3 50. Re1 Ra5 51. Rc1+ Kd2 52. Rg1 d3 53. Kg3 Rd5
54. Kxh3 Ke3 55. g5 Kf2 56. Rd1 Rd4 57. g6 Ke2 58. Rg1 d2 59. Rg2+ Ke3 60. Rg1
d1=Q 61. Rxd1 Rxd1 62. Kg4 Ke4 63. Kg5 Ke5 64. h4 Rg1+ 65. Kh6 Kf6 66. h5 Rg5 67.
g7 Rg3 68. Kh7 Rxg7+ 69. Kh6 Rg5 0-1

[Event "Figueira 2023"]
[Site "?"]
[Date "2023.11.11"]
[Round "8.19"]
[White "Arpan, Das (Jr)"]
[Black "Avelino, Camila Biscaya"]
[Result "1-0"]
[BlackElo "1763"]
[WhiteElo "2400"]
[LiveChessVersion "1.4.8"]

1. e4 e5 2. Nf3 Nc6 3. Bb5 a6 4. Ba4 Nf6 5. O-O Be7 6. Re1 b5 7. Bb3 d6 8. c3 O-O
9. h3 Na5 10. Bc2 c5 11. d4 Qc7 12. d5 Nd7 13. b3 Nb6 14. Nbd2 c4 15. b4 Nb7 16.
a4 bxa4 17. Bxa4 Nxa4 18. Rxa4 Bd7 19. Ra1 a5 20. Rb1 axb4 21. Rxb4 Nc5 22. Qe2
Rfb8 23. Qxc4 Rxb4 24. cxb4 Ra4 25. Nf1 Qb6 26. bxc5 1-0

[Event "Figueira 2023"]
[Site "?"]
[Date "2023.11.11"]
[Round "8.20"]
[White "Audi, Ameya"]
[Black "Charvi, A"]
[Result "1-0"]
[BlackElo "1580"]
[WhiteElo "2371"]
[LiveChessVersion "1.4.8"]

1. Nf3 Nf6 2. c4 g6 3. Nc3 d5 4. cxd5 Nxd5 5. e4 Nxc3 6. bxc3 Bg7 7. h4 h6 8. Be2
c5 9. d4 Bg4 10. Rb1 Qc7 11. O-O O-O 12. d5 Nd7 13. c4 Nf6 14. Ne1 Bxe2 15. Qxe2
Nh5 16. Nd3 f5 17. exf5 Rxf5 18. g4 Ng3 19. Qe6+ Rf7 20. Bf4 Ne2+ 21. Qxe2 Rxf4
22. Nxf4 Qxf4 23. Rbe1 Bd4 24. Kg2 Rf8 25. Qe4 Qd6 26. Qe6+ Qxe6 27. Rxe6 Kf7 28.
f4 b5 29. Rfe1 bxc4 30. Rxe7+ Kg8 31. Re8 c3 32. Rxf8+ Kxf8 33. Kf3 Kf7 34. g5
hxg5 35. hxg5 c2 36. Rc1 Ke7 37. Rxc2 Kd6 38. Ke4 a5 39. Rh2 Bg7 40. Rh6 Bxh6 41.
gxh6 c4 42. h7 c3 43. h8=Q c2 44. Qf6+ Kd7 45. Qc6+ Kd8 46. d6 a4 47. Qc7+ Ke8
48. Qe7# 1-0

[Event "Figueira 2023"]
[Site "?"]
[Date "2023.11.11"]
[Round "8.21"]
[White "Chitlange, Sakshi"]
[Black "Kistrup, Nicolai"]
[Result "1/2-1/2"]
[BlackElo "2330"]
[WhiteElo "2224"]
[LiveChessVersion "1.4.8"]

1. d4 {[%clk 1:30:57]} d5 {[%clk 1:30:46]} 2. c4 {[%clk 1:31:00]} c6
{[%clk 1:31:07]} 3. cxd5 {[%clk 1:29:09]} cxd5 {[%clk 1:31:31]} 4. Nc3
{[%clk 1:29:24]} Nf6 {[%clk 1:30:12]} 5. Bf4 {[%clk 1:29:39]} Nc6
{[%clk 1:30:24]} 6. e3 {[%clk 1:29:46]} Bf5 {[%clk 1:30:31]} 7. Nf3
{[%clk 1:25:58]} e6 {[%clk 1:30:41]} 8. Bb5 {[%clk 1:23:50]} Bb4 {[%clk 1:19:50]}
9. Ne5 {[%clk 1:13:31]} O-O {[%clk 1:00:31]} 10. Bxc6 {[%clk 1:05:58]} bxc6
{[%clk 0:57:39]} 11. Nxc6 {[%clk 1:05:00]} Bxc3+ {[%clk 0:55:36]} 12. bxc3
{[%clk 1:05:29]} Qe8 {[%clk 0:55:48]} 13. Ne5 {[%clk 1:04:02]} Ne4
{[%clk 0:55:26]} 14. O-O {[%clk 0:53:14]} Rc8 {[%clk 0:48:21]} 15. Rc1
{[%clk 0:39:38]} f6 {[%clk 0:42:30]} 16. Nd3 {[%clk 0:32:20]} Qb5
{[%clk 0:41:43]} 17. Nc5 {[%clk 0:28:24]} Nxc5 {[%clk 0:39:51]} 18. dxc5
{[%clk 0:28:48]} Bd3 {[%clk 0:35:35]} 19. Re1 {[%clk 0:23:33]} e5
{[%clk 0:35:51]} 20. Bg3 {[%clk 0:23:45]} Rxc5 {[%clk 0:35:44]} 21. f4
{[%clk 0:23:27]} e4 {[%clk 0:33:40]} 22. f5 {[%clk 0:19:29]} Rfc8
{[%clk 0:32:23]} 23. Qd2 {[%clk 0:18:58]} R8c6 {[%clk 0:25:31]} 24. Red1
{[%clk 0:17:23]} Rb6 {[%clk 0:20:48]} 25. h4 {[%clk 0:15:33]} Qb2
{[%clk 0:17:35]} 26. Be1 {[%clk 0:14:11]} Rcb5 {[%clk 0:08:19]} 27. Qxb2
{[%clk 0:13:37]} Rxb2 {[%clk 0:08:44]} 28. Ra1 {[%clk 0:13:37]} Re2
{[%clk 0:05:43]} 29. Rd2 {[%clk 0:13:01]} Rxd2 {[%clk 0:04:10]} 30. Bxd2
{[%clk 0:13:30]} Rb2 {[%clk 0:04:31]} 31. Bc1 {[%clk 0:12:09]} Re2
{[%clk 0:04:01]} 32. Ba3 {[%clk 0:12:17]} Rxe3 {[%clk 0:02:23]} 33. Bc5
{[%clk 0:12:36]} Re2 {[%clk 0:02:44]} 34. Bxa7 {[%clk 0:12:58]} e3
{[%clk 0:02:53]} 35. a4 {[%clk 0:12:04]} Bxf5 {[%clk 0:01:10]} 36. a5
{[%clk 0:12:02]} Be4 {[%clk 0:01:26]} 37. a6 {[%clk 0:09:37]} Rxg2+
{[%clk 0:01:50]} 38. Kf1 {[%clk 0:10:06]} Rf2+ {[%clk 0:00:44]} 39. Kg1
{[%clk 0:10:33]} Rg2+ {[%clk 0:01:09]} 40. Kf1 {[%clk 0:40:42]} e2+
{[%clk 0:30:40]} 41. Ke1 {[%clk 0:41:11]} Bd3 {[%clk 0:15:36]} 42. Kd2
{[%clk 0:35:38]} e1=Q+ {[%clk 0:05:05]} 43. Kxe1 {[%clk 0:36:07]} Re2+
{[%clk 0:05:06]} 44. Kd1 {[%clk 0:36:29]} Rh2 {[%clk 0:04:58]} 45. Ra3
{[%clk 0:32:35]} Rxh4 {[%clk 0:01:13]} 46. Bd4 {[%clk 0:32:53]} Bxa6
{[%clk 0:00:55]} 47. Rxa6 {[%clk 0:33:21]} Kf7 {[%clk 0:01:12]} 48. Ke2
{[%clk 0:31:31]} Rg4 {[%clk 0:01:05]} 49. Kf3 {[%clk 0:30:13]} h5
{[%clk 0:01:17]} 50. Be3 {[%clk 0:22:23]} Re4 {[%clk 0:01:13]} 51. Bd4
{[%clk 0:22:35]} Rg4 {[%clk 0:01:34]} 52. Be3 {[%clk 0:22:59]} Re4
{[%clk 0:01:56]} 53. Bd4 {[%clk 0:23:24]} 1/2-1/2

[Event "Figueira 2023"]
[Site "?"]
[Date "2023.11.11"]
[Round "8.22"]
[White "Padeiro, Jose"]
[Black "Antolak, Julia"]
[Result "0-1"]
[BlackElo "2281"]
[WhiteElo "2121"]
[LiveChessVersion "1.4.8"]

1. c4 {[%clk 1:28:40]} Nf6 {[%clk 1:30:54]} 2. Nc3 {[%clk 1:28:59]} g6
{[%clk 1:31:20]} 3. g3 {[%clk 1:29:22]} Bg7 {[%clk 1:31:45]} 4. Bg2
{[%clk 1:29:48]} O-O {[%clk 1:32:02]} 5. e4 {[%clk 1:28:54]} d6 {[%clk 1:29:57]}
6. Nge2 {[%clk 1:29:19]} e5 {[%clk 1:29:07]} 7. O-O {[%clk 1:28:55]} c6
{[%clk 1:29:20]} 8. d4 {[%clk 1:22:32]} Nbd7 {[%clk 1:25:54]} 9. b3
{[%clk 1:19:53]} Re8 {[%clk 1:23:24]} 10. d5 {[%clk 1:18:46]} c5 {[%clk 1:21:58]}
11. Bb2 {[%clk 1:18:56]} Nf8 {[%clk 1:19:07]} 12. Nc1 {[%clk 1:16:38]} Bd7
{[%clk 1:16:30]} 13. Nd3 {[%clk 1:12:59]} a6 {[%clk 1:14:32]} 14. Qd2
{[%clk 1:06:16]} Qc8 {[%clk 1:11:02]} 15. f4 {[%clk 1:02:11]} exf4
{[%clk 1:01:13]} 16. gxf4 {[%clk 0:55:49]} Ng4 {[%clk 1:00:52]} 17. Rae1
{[%clk 0:54:18]} Bd4+ {[%clk 0:58:16]} 18. Kh1 {[%clk 0:54:38]} Qd8
{[%clk 0:56:05]} 19. Nd1 {[%clk 0:51:10]} Nxh2 {[%clk 0:53:29]} 20. Bxd4
{[%clk 0:42:39]} Nxf1 {[%clk 0:53:46]} 21. Rxf1 {[%clk 0:42:45]} Qh4+
{[%clk 0:52:50]} 22. Kg1 {[%clk 0:42:54]} cxd4 {[%clk 0:53:15]} 23. N1f2
{[%clk 0:40:15]} Rac8 {[%clk 0:48:37]} 24. Qb2 {[%clk 0:33:41]} Bg4
{[%clk 0:46:32]} 25. Nxg4 {[%clk 0:28:20]} Qxg4 {[%clk 0:46:52]} 26. Qxd4
{[%clk 0:28:40]} Nd7 {[%clk 0:45:34]} 27. Qe3 {[%clk 0:21:53]} Nf6
{[%clk 0:41:28]} 28. e5 {[%clk 0:20:47]} Nh5 {[%clk 0:38:59]} 29. Qf3
{[%clk 0:19:30]} Qxf3 {[%clk 0:37:32]} 30. Bxf3 {[%clk 0:19:04]} Nxf4
{[%clk 0:37:01]} 31. Nxf4 {[%clk 0:18:57]} Rxe5 {[%clk 0:37:25]} 32. Nd3
{[%clk 0:14:17]} Re3 {[%clk 0:36:55]} 33. Nb4 {[%clk 0:14:42]} Rc3
{[%clk 0:33:41]} 34. Rf2 {[%clk 0:14:32]} Re8 {[%clk 0:32:49]} 35. Nc2
{[%clk 0:14:32]} Re5 {[%clk 0:32:10]} 36. Bg2 {[%clk 0:13:38]} Kg7
{[%clk 0:30:07]} 37. Rd2 {[%clk 0:13:43]} g5 {[%clk 0:28:02]} 38. Nd4
{[%clk 0:12:13]} b6 {[%clk 0:21:05]} 39. Nf3 {[%clk 0:09:49]} Rf5
{[%clk 0:20:22]} 40. Nd4 {[%clk 0:40:16]} Rc1+ {[%clk 0:48:57]} 41. Kh2
{[%clk 0:40:32]} Rf6 {[%clk 0:48:58]} 42. Be4 {[%clk 0:39:17]} h5
{[%clk 0:43:07]} 43. Nf5+ {[%clk 0:37:00]} Kf8 {[%clk 0:43:30]} 44. Rg2
{[%clk 0:36:49]} Re1 {[%clk 0:40:51]} 45. Bc2 {[%clk 0:36:38]} Rf1
{[%clk 0:37:05]} 46. Ng3 {[%clk 0:32:26]} R1f2 {[%clk 0:36:04]} 47. Nxh5
{[%clk 0:30:26]} R6f3 {[%clk 0:35:29]} 48. Ng3 {[%clk 0:26:19]} Rxg2+
{[%clk 0:34:32]} 49. Kxg2 {[%clk 0:26:44]} Rc3 {[%clk 0:34:55]} 50. Be4
{[%clk 0:19:11]} Ke7 {[%clk 0:33:37]} 51. Kf2 {[%clk 0:15:13]} Kf6
{[%clk 0:31:25]} 52. Ne2 {[%clk 0:15:14]} Rh3 {[%clk 0:31:47]} 53. Bg2
{[%clk 0:15:26]} Rd3 {[%clk 0:31:20]} 54. Bf3 {[%clk 0:10:21]} Ke5
{[%clk 0:30:42]} 55. Nc1 {[%clk 0:07:59]} Rc3 {[%clk 0:30:21]} 56. Ne2
{[%clk 0:08:28]} Rc2 {[%clk 0:30:45]} 57. Ke3 {[%clk 0:08:57]} Rxa2
{[%clk 0:30:30]} 58. Nc1 {[%clk 0:08:27]} Rh2 {[%clk 0:30:03]} 59. Nd3+
{[%clk 0:08:55]} Kf6 {[%clk 0:30:22]} 60. Nf2 {[%clk 0:08:58]} Ke7
{[%clk 0:30:32]} 61. Ne4 {[%clk 0:08:38]} Rb2 {[%clk 0:30:09]} 62. Bd1
{[%clk 0:07:47]} Rg2 {[%clk 0:28:56]} 63. Bf3 {[%clk 0:08:06]} Rg1
{[%clk 0:29:16]} 64. b4 {[%clk 0:08:13]} f5 {[%clk 0:29:26]} 65. Nc3
{[%clk 0:08:08]} a5 {[%clk 0:29:11]} 66. bxa5 {[%clk 0:02:55]} bxa5
{[%clk 0:29:36]} 67. Kd4 {[%clk 0:02:52]} g4 {[%clk 0:28:59]} 68. Bd1
{[%clk 0:03:00]} g3 {[%clk 0:28:17]} 69. Ke3 {[%clk 0:01:40]} Rf1
{[%clk 0:27:41]} 70. Bf3 {[%clk 0:01:32]} f4+ {[%clk 0:27:35]} 71. Ke4
{[%clk 0:01:40]} Rf2 {[%clk 0:27:33]} 72. Ne2 {[%clk 0:01:15]} Rxe2+
{[%clk 0:27:38]} 73. Kd4 0-1